El problema de la verdad en la filosofía actual

Uloženo v:
Podrobná bibliografie
Médium: Kniha
Jazyk:španělština
Vydáno: San Juan Universidad Católica de Puerto Rico 1968
Témata:
Tagy: Přidat tag
Žádné tagy, Buďte první, kdo vytvoří štítek k tomuto záznamu!

MARC

LEADER 00000nam a2200000 a 4500
001 UCX3677
003 CL-VaPUC
008 911125e19680000PR |||||||||||||||||spa|d
082 0 4 |a 121  |b PRO  |2 21 
245 1 3 |a El problema de la verdad en la filosofía actual 
300 |a 165 p 
942 |c BK 
945 |d 19911125 00:00:00 
260 |a San Juan  |b Universidad Católica de Puerto Rico  |c 1968 
650 0 |a Verdad  |9 313815 
650 0 |a Teoría del conocimiento   |9 255038 
583 |a last modification  |c 20120708 11:31:22  |k Rodrigo Vera 
999 |c 224366  |d 224364 
952 |0 0  |1 0  |4 0  |6 121_000000000000000_PRO_1968  |7 0  |8 P  |9 220939  |a BIBEDU  |b BIBEDU  |c BIBEDU_PB  |d 2019-11-15  |i 2896982  |o 121 PRO 1968  |p 2896982  |r 2024-01-25  |w 2019-11-15  |y BK  |k FIL 
952 |0 0  |1 0  |4 0  |6 121_000000000000000_PRO_1968  |7 0  |8 P  |9 220940  |a BIBEDU  |b BIBEDU  |c BIBEDU_PB  |d 2019-11-15  |i 1581279  |o 121 PRO 1968  |p 1581279  |r 2024-01-25  |w 2019-11-15  |y BK  |k FIL